000 00372 a2200157 4500
001 56517
020 _a8516010589
040 _cAnchieta - Pituba
100 _aLeite, Maristela Petrili de Almeida
240 1 0 _aO milagre da santa chorona
_lpor
245 1 0 _aO milagre da santa chorona
300 _a103
362 0 _a1998
650 4 _aLiteratura juvenil
942 _cBK
999 _c56517
_d56517